An enlightening commentary into the light of the Holy Qurʼan, Volume-1 / (Record no. 18646)
[ view plain ]
| 000 -LEADER | |
|---|---|
| fixed length control field | 01199cam a2200313 a 4500 |
| 001 - CONTROL NUMBER | |
| control field | 2595280 |
| 003 - CONTROL NUMBER IDENTIFIER | |
| control field | BDDh-ASL |
| 005 - DATE AND TIME OF LATEST TRANSACTION | |
| control field | 20231015025723.0 |
| 008 - FIXED-LENGTH DATA ELEMENTS--GENERAL INFORMATION | |
| fixed length control field | 971009s1997 ir b f001 0 eng |
| 010 ## - LIBRARY OF CONGRESS CONTROL NUMBER | |
| LC control number | 96933221 |
| 040 ## - CATALOGING SOURCE | |
| Original cataloging agency | DLC |
| Transcribing agency | DLC |
| Modifying agency | BDDh-ASL |
| 041 0# - LANGUAGE CODE | |
| Language code of text/sound track or separate title | engara |
| 042 ## - AUTHENTICATION CODE | |
| Authentication code | lcode |
| 050 00 - LIBRARY OF CONGRESS CALL NUMBER | |
| Classification number | BP130.4 |
| Item number | .E55 1996 |
| 082 00 - DEWEY DECIMAL CLASSIFICATION NUMBER | |
| Classification number | 297.01 |
| Edition number | 21 |
| Item number | ENL |
| 245 03 - TITLE STATEMENT | |
| Title | An enlightening commentary into the light of the Holy Qurʼan, Volume-1 / |
| Statement of responsibility, etc. | by a group of Muslim scholars ; translated by Saiyed Abbas Sadr-ʻāmelī ; edited by Somaiyah Berrigan. |
| 246 30 - VARYING FORM OF TITLE | |
| Title proper/short title | Light of the Holy Qurʼan. |
| 250 ## - EDITION STATEMENT | |
| Edition statement | 5th ed. |
| 260 ## - PUBLICATION, DISTRIBUTION, ETC. | |
| Place of publication, distribution, etc. | Esfahan, Iran : |
| Name of publisher, distributor, etc. | Amir-al-Moʼmineen Ali Library, |
| Date of publication, distribution, etc. | 1997. |
| 300 ## - PHYSICAL DESCRIPTION | |
| Extent | v-1, 366 p. ; |
| Dimensions | 25 cm. |
| 504 ## - BIBLIOGRAPHY, ETC. NOTE | |
| Bibliography, etc. note | Includes bibliographical references and index. |
| 546 ## - LANGUAGE NOTE | |
| Language note | In English with passages in Arabic. |
| 630 00 - SUBJECT ADDED ENTRY--UNIFORM TITLE | |
| Uniform title | Qurʼan |
| General subdivision | Commentaries. |
| 700 1# - ADDED ENTRY--PERSONAL NAME | |
| Personal name | Berrigan, Somaiyah. |
| 700 1# - ADDED ENTRY--PERSONAL NAME | |
| Personal name | Sadr-ameli, Sayyid Abbas |
| 9 (RLIN) | 1502 |
| Relator term | Translator |
| 906 ## - LOCAL DATA ELEMENT F, LDF (RLIN) | |
| a | 7 |
| b | cbc |
| c | origode |
| d | 2 |
| e | ncip |
| f | 19 |
| g | y-gencatlg |
| 942 ## - ADDED ENTRY ELEMENTS (KOHA) | |
| Source of classification or shelving scheme | Dewey Decimal Classification |
| Koha item type | Books |
| Withdrawn status | Lost status | Source of classification or shelving scheme | Damaged status | Not for loan | Collection code | Home library | Current library | Shelving location | Date acquired | Source of acquisition | Serial Enumeration / chronology | Total Checkouts | Full call number | Barcode | Date last seen | Copy number | Price effective from | Koha item type |
|---|---|---|---|---|---|---|---|---|---|---|---|---|---|---|---|---|---|---|
| Dewey Decimal Classification | Non-fiction | Asiatic Society Library | Asiatic Society Library | General Stacks | 10/18/2020 | Complementary | V-1 | 297.01 ENL | 101853 | 10/18/2020 | C-1 | 10/18/2020 | Books |